[Event "Catalunya-chT Gp2"]
[Site "Barcelona"]
[Date "2018.01.20"]
[Round "1.10"]
[White "Bosque Ortega, Xavier"]
[Black "Comallonga Fernandez, Josep"]
[Result "1/2-1/2"]
[WhiteElo "2157"]
[BlackElo "2045"]
[PlyCount "134"]
[EventDate "2018.01.20"]
[EventType "team-tourn"]
[EventRounds "7"]
[EventCountry "ESP"]
[SourceTitle "CBM 182 Extra"]
[Source "ChessBase"]
[SourceDate "2018.02.23"]
[SourceVersion "1"]
[SourceVersionDate "2018.02.23"]
[SourceQuality "1"]
[WhiteTeam "Barbera"]
[BlackTeam "Cerdanyola Valles"]
[WhiteTeamCountry "ESP"]
[BlackTeamCountry "ESP"]

1. d4 Nf6 2. Nf3 e6 3. Bf4 b6 4. e3 Bb7 5. Nbd2 Be7 6. Bd3 d5 7. Ne5 c6 8. Qf3 h6 9. g4 Nbd7 10. h4 Nxe5 11. Bxe5 Bd6 12. 0-0-0 Bxe5 13. dxe5 Nd7 14. Qg3 Qe7 15. f4 0-0-0 16. e4 Nc5 17. exd5 Nxd3+ 18. cxd3 cxd5 19. Kb1 Kb8 20. Rc1 Rc8 21. a3 Rxc1+ 22. Rxc1 Rc8 23. Rxc8+ Kxc8 24. g5 Ba6 25. d4 hxg5 26. hxg5 g6 27. Qc3+ Kb7 28. Qb4 Bd3+ 29. Ka1 Qxb4 30. axb4 Kc6 31. Ka2 Kb5 32. Kb3 Bf5 33. Kc3 Kc6 34. Nb3 Bg4 35. Nc1 Kb5 36. Kb3 Bd1+ 37. Kc3 Bg4 38. Na2 Bf3 39. b3 a6 40. Kb2 Kc6 41. Nc3 Bg4 42. b5+ axb5 43. Ka3 Bh3 44. Kb4 Bf1 45. Na2 Bg2 46. Kc3 Bf3 47. Nb4+ Kb7 48. Nc2 Kc6 49. Na3 Bg2 50. Kb4 Bf1 51. Nc2 Be2 52. Kc3 Kb7 53. Kd2 Bh5 54. Ne3 Bf3 55. Ke1 Kc6 56. Kf2 Bh5 57. b4 Kd7 58. Kg3 Be2 59. f5 gxf5 60. Ng2 Ke8 61. Nf4 Bd1 62. Kh4 Ke7 63. Kg3 Bg4 64. Kh4 Bd1 65. g6 fxg6 66. Nxg6+ Kf7 67. Kg5 Bg4 1/2-1/2

[Event "Catalunya-chT GpB final"]
[Site "Barcelona"]
[Date "2015.04.11"]
[Round "10.1"]
[White "Comallonga Fernandez, Josep"]
[Black "Serra, Francesco"]
[Result "0-1"]
[WhiteElo "2055"]
[BlackElo "2190"]
[PlyCount "72"]
[EventDate "2015.03.14"]
[EventType "team-tourn"]
[EventRounds "11"]
[EventCountry "ESP"]
[SourceTitle "EXT 2016"]
[Source "ChessBase"]
[SourceDate "2015.10.08"]
[SourceVersion "1"]
[SourceVersionDate "2015.10.08"]
[SourceQuality "1"]
[WhiteTeam "Cerdanyola Valles"]
[BlackTeam "Peona I Peo"]
[WhiteTeamCountry "ESP"]
[BlackTeamCountry "ESP"]

1. d4 Nf6 2. Nf3 g6 3. c4 Bg7 4. Nc3 0-0 5. g3 d6 6. Bg2 Nc6 7. 0-0 a6 8. h3 Rb8 9. e4 b5 10. cxb5 axb5 11. d5 Na5 12. Nd4 Bd7 13. Nce2 Qc8 14. Qe1 Qa6 15. Bd2 Nc4 16. b3 Ne5 17. Bf4 c5 18. Bxe5 dxe5 19. Nc2 Ne8 20. g4 Nd6 21. Ng3 Rfc8 22. Qe3 Rc7 23. Rfc1 Rbc8 24. Bf1 Qa5 25. a3 c4 26. b4 Qa7 27. Qc3 Rf8 28. Ne3 Qd4 29. Bg2 Bh6 30. Ne2 Qa7 31. Qxe5 Bxe3 32. fxe3 Qxe3+ 33. Kf1 f5 34. gxf5 Nxf5 35. Ke1 Nh4 36. Bh1 Bxh3 0-1

[Event "Catalunya-chT"]
[Site "Catalunya"]
[Date "2014.03.29"]
[Round "10.1"]
[White "Subirachs Mancebo, Guillem"]
[Black "Comallonga Fernandez, Josep"]
[Result "1-0"]
[WhiteElo "2120"]
[BlackElo "2055"]
[PlyCount "59"]
[EventDate "2014.01.25"]
[EventType "team"]
[EventRounds "11"]
[EventCountry "ESP"]
[SourceTitle "EXT 2015"]
[Source "ChessBase"]
[SourceDate "2014.11.20"]
[SourceVersion "1"]
[SourceVersionDate "2014.11.20"]
[SourceQuality "1"]
[WhiteTeam "Peona I Peo"]
[BlackTeam "Cerdanyola Valles"]
[WhiteTeamCountry "ESP"]
[BlackTeamCountry "ESP"]

1. e4 c5 2. b3 Nc6 3. Bb2 e5 4. Bc4 Nf6 5. Nc3 a6 6. a4 d6 7. d3 Be7 8. Nge2 Be6 9. 0-0 Nd4 10. f4 Qc7 11. f5 Bxc4 12. dxc4 h5 13. Qd3 0-0-0 14. Nd1 Qc6 15. Nec3 Rdg8 16. Ne3 Bd8 17. Ncd5 Ne8 18. Ra3 Qd7 19. c3 Nc6 20. b4 Ne7 21. a5 Nxd5 22. Nxd5 Nf6 23. b5 Kb8 24. bxa6 bxa6 25. Rb1 Ka7 26. Rb3 Qc6 27. Bc1 Bxa5 28. Ne7 Qxe4 29. Qxe4 Nxe4 30. Nc6+ 1-0